| 000 | 01257nam a2200289Ia 4500 | ||
|---|---|---|---|
| 003 | OSt | ||
| 005 | 20220923211220.0 | ||
| 006 | a|||||r|||| 00| 0 | ||
| 007 | ta | ||
| 008 | 220922b |||||||| |||| 00| 0 hin d | ||
| 020 |
_a9788126727353 (hbk) _c995 |
||
| 024 | _a324,459 | ||
| 037 |
_bBR6975, 13/03/2018, Rajkamal Prakashan Pvt. Ltd _cTextual |
||
| 040 |
_aARTS _cARTS _bhin |
||
| 041 |
_2hin _ahin |
||
| 082 | _aDelta2y7M63, 152Q8 | ||
| 100 |
_aद्विवेदी, रमाशंकर, संपा. _9159813 |
||
| 245 | 0 | _aस्वामी विवेकानन्द संचयिता | |
| 246 | _aSvāmī vivekānanda sanchayitā | ||
| 260 |
_aनई दिल्ली _b राजकमल प्रकाशन _c2018 |
||
| 300 |
_a455पृ. _ccm. |
||
| 490 | _aप्रतिनिधि रचनाओं का संचयन | ||
| 650 |
_a आध्यात्मिक अनुभव और रहस्यवाद _9159814 |
||
| 650 |
_aस्वामी विवेकानन्द _9159815 |
||
| 942 |
_hDelta2y7M63, 152Q8 _cTEXL _2CC |
||
| 999 |
_c297086 _d297086 |
||